| 000 | 04985nam a2200421 a 4500 | ||
|---|---|---|---|
| 001 | 000012782 | ||
| 003 | DO-SdBNP | ||
| 005 | 20240306073902.0 | ||
| 008 | 091117s2001 dr ac 000 0 spa d | ||
| 020 | _a8482614142 (v. 1) | ||
| 020 | _a8482614150 (v. 2) | ||
| 020 | _a848261438X (v. 3) | ||
| 020 | _a8482614185 (v. 5) | ||
| 020 | _a8482614193 (v. 6) | ||
| 020 | _a8482614207 (v. 7) | ||
| 020 | _a8482614215 (v. 8) | ||
| 040 |
_aDO-SdBNP _bspa _cBNPHU |
||
| 082 |
_axxxx _bR382 |
||
| 100 | 1 |
_aRodríguez, Federico _929575 |
|
| 245 | 1 | 0 |
_aReligión : _beducación básica / _cFederico Rodríguez ; dirección editorial Obdulia García de Escobar ; ilustración Ruddy Núñez. |
| 260 |
_aSanto Domingo : _bSantillana, _c2001. |
||
| 300 |
_a8 v. : _bil., retrs. ; _c28 cm. |
||
| 490 | 1 | _aUmbral | |
| 500 | _aEducación básica | ||
| 500 | _aFormación integral, humana y religiosa. | ||
| 500 | _aEste libro ha sido realizado de conformidad con el currículum vigente y ha sido sometido a la aprobación de la SEE | ||
| 505 | 0 |
_av. 1 : _gunidad 1 -- _t¿Sabe Dios mi nombre? -- _gunidad 2 -- _t¿Qué ha hecho Dios por nosotros? -- _gunidad 3 -- _t¿Para qué ha creado Dios las cosas? -- _gunidad 4 -- _t¿Cómo nos halba Dios? -- _gunidad 5 -- _t¿Quién es Jesús? -- _gunidad 6 -- _t¿Qué nos enseña Jesús? -- _gunidad 7 -- _t¿Quiénes son nuestros hermanos? -- _gunidad 8 -- _t¿Dónde viven los hijos de Dios? -- _gunidad 9 -- _t¿Cómo hablamos con Dios? -- _gunidad 10 -- _t¿Cuánto quiere Dios a sus hijos? -- |
|
| 505 | 0 |
_av. 2 : _gunidad 1 -- _t¿Cómo hablan los hermanos? -- _gunidad 2 -- _t¿Qué hacemos cuando nos enfadamos? -- _gunidad 3 -- _t¿Cómo nos ayudamos? -- _gunidad 4 -- _t¿Cómo celebramos las fiestas? -- _gunidad 5 -- _t¿Qué hacemos el domingo? -- _gunidad 6 -- _t¿Quién es Jesús? -- _gunidad 7 -- _t¿Qué hizo Jesús? -- _gunidad 8 -- _t¿Cómo habla Jesús? -- _gunidad 9 -- _t¿Dónde está Jesús? -- _gunidad 10 -- _t¿Qué celebramos en navidad? -- |
|
| 505 | 0 |
_av. 3 : _gunidad 1 -- _t¿Quiénes son los amigos de Jesús? -- _gunidad 2 -- _t¿Cómo viven los amigos de Jesús? -- _gunidad 3 -- _t¿Dónde se reúnen los amigos de Jesús? -- _gunidad 4 -- _t¿Qué hizo Jesús por sus amigos? -- _gunidad 5 -- _t¿Qué celebramos es pascua? -- _gunidad 6 -- _t¿Dónde están las enseñanzsa de Jesús? -- _gunidad 7 -- _t¿Qué nos enseña Jesús sobre Dios? -- _gunidad 8 -- _t¿Qué nos enseña Jesús sobre nosotros? -- _gunidad 9 -- _t¿Qué quiere Jesús de nosotros? -- _gunidad 10 -- _t¿Qué nos promete Jesús? -- |
|
| 505 | 0 |
_av. 5 : _gunidad 1 -- _t¿Y nosotros, qué podemos hacer? -- _gunidad 2 -- _t¿En qué se distinguen los cristianos? -- _gunidad 3 -- _t¿Cómo defiende Jesús la vida? -- _gunidad 4 -- _t¿Cómo defiende Jesús la vida? -- _gunidad 5 -- _t¿Cómo viven los amigos de Jesús? -- _gunidad 6 -- _t¿Quiénes fueron los primeros amigos de Jesús? -- _gunidad 7 -- _t¿Cómo se formaron las primeras comunidades cristianas? -- _gunidad 8 -- _t¿Quiénes forman hoy la iglesia? -- _gunidad 9 -- _t¿Qué creemos los cristianos? -- _gunidad 10 -- _t¿Somos todos misioneros? -- |
|
| 505 | 0 |
_av. 6 : _gunidad 1 -- _t¿Cómo celebran la fe los cristianos? -- _gunidad 2 -- _t¿Cómo se entra y cómo se crece en la iglesia? -- _gunidad 3 -- _t¿Qué celebramos en la eucaristía? -- _gunidad 4 -- _t¿Qué hace Dios cuando somos débiles? -- _gunidad 5 -- _t¿Cómo sirven los cristianos a la comunidad? -- _gunidad 6 -- _t¿Cómo se reconoce a los cristianos? -- _gunidad 7 -- _t¿Cómo podemos ser testigos de la verdad? -- _gunidad 8 -- _t¿Cómo defienden la vida los cristianos? -- _gunidad 9 -- _t¿Cómo cuidan los cristianos la naturaleza? -- _gunidad 10 -- _t¿Cómo podemos mejorar el mundo? -- |
|
| 505 | 0 |
_av. 7 : _gunidad 1 -- _t¿Qué es la Biblia? -- _gunidad 2 -- _t¿Quién fue Abraham? -- _gunidad 3 -- _t¿Qué narra el libro del Éxodo? -- _gunidad 4 -- _t¿Como vivieron los israelitas en la tierra prometida? -- _gunidad 5 -- _t¿Cuál era el mensaje de los profetas? -- _gunidad 6 -- _t¿Quién es el salvador de la humanidad? -- _gunidad 7 -- _t¿Qué hizo Jesús para salvarnos? -- _gunidad 8 -- _t¿Cuáles eran las enseñanzas de Jesús? -- _gunidad 9 -- _t¿Por qué murió Jesús? -- _gunidad 10 -- _t¿Qué celebramos en la pascua? -- |
|
| 505 | 0 |
_av. 8 : _gunidad 1 -- _t¿Cómo nació la iglesia? -- _gunidad 2 -- _t¿Cómo está organizada la iglesia? -- _gunidad 3 -- _t¿Cómo fue la vida de la iglesia en los primeros siglos? -- _gunidad 4 -- _t¿Cómo se realizará plenamente nuestra salvación? -- _gunidad 5 -- _t¿Qué son las bienaventuranzas? -- _gunidad 6 -- _t¿Cómo construir un mundo más justo? -- _gunidad 7 -- _t¿Cómo conseguir la igualdad entre los seres humanos? -- _gunidad 8 -- _t¿Cómo trabajar por la paz? -- _gunidad 9 -- _t¿Cómo defender la naturaleza? -- _gunidad 10 -- _t¿Cómo hacer oración? -- |
|
| 700 | 1 |
_aGarcía Escobar, Obdulia de _edir. ed. _929220 |
|
| 700 | 1 |
_aNúñez, Ruddy, _eil. _923171 |
|
| 830 | 0 |
_aUmbral _929222 |
|
| 942 |
_2ddc _cLBS1 |
||
| 999 |
_c12433 _d12433 |
||